Limited local autonomy in Japan : Public housing policy and the Tokyo Metropolitan Government (Record no. 16515)
[ view plain ]
| 000 -LEADER | |
|---|---|
| fixed length control field | 00671nam a2200193Ia 4500 |
| 082 ## - DEWEY DECIMAL CLASSIFICATION NUMBER | |
| Classification number | TJ.0002 |
| 100 ## - MAIN ENTRY--AUTHOR NAME | |
| Personal name | Jain, Purnendra Chandra |
| 245 #0 - TITLE STATEMENT | |
| Title | Limited local autonomy in Japan : Public housing policy and the Tokyo Metropolitan Government |
| 260 ## - PUBLICATION, DISTRIBUTION, ETC. (IMPRINT) | |
| Year of publication | 1987 |
| Name of publisher | Griffith University, Australia |
| 300 ## - PHYSICAL DESCRIPTION | |
| Number of Pages | xvii, 328p. + C D -6 |
| 650 ## - SUBJECT ADDED ENTRY--TOPICAL TERM | |
| Topical Term | INTER GOVERNMENTAL RELATIONS//CENTRE STATE RELATIONS |
| 650 ## - SUBJECT ADDED ENTRY--TOPICAL TERM | |
| Topical Term | METROPOLITAN GOVERNMENT - JAPAN - TOKYO |
| 650 ## - SUBJECT ADDED ENTRY--TOPICAL TERM | |
| Topical Term | CENTRE STATE RELATIONS - JAPAN |
| 650 ## - SUBJECT ADDED ENTRY--TOPICAL TERM | |
| Topical Term | HOUSING - JAPAN - TOKYO |
| 650 ## - SUBJECT ADDED ENTRY--TOPICAL TERM | |
| Topical Term | MUNICIPAL GOVERNMENT///METROPOLITAN GOVERNMENT |
| 710 ## - ADDED ENTRY--CORPORATE NAME | |
| Corporate name or jurisdiction name as entry element | Moore, Joe |
| 710 ## - ADDED ENTRY--CORPORATE NAME | |
| Corporate name or jurisdiction name as entry element | Rix, Alan |
| 942 ## - ADDED ENTRY ELEMENTS (KOHA) | |
| Koha item type | Thesis |
| Source of classification or shelving scheme | Dewey Decimal Classification |
| Withdrawn status | Lost status | Damaged status | Not for loan | Home library | Current library | Date acquired | Bill Date | Full call number | Accession Number | Price effective from | Koha item type |
|---|---|---|---|---|---|---|---|---|---|---|---|
| NASSDOC Library | NASSDOC Library | 08/10/2004 | 2004-10-22 | TJ.0002 | 27895 | 18/04/2019 | Thesis |
